00282nam a22000857a 4500008004100000010001200041245007600053260000900129500005800138110613t xxu||||| |||| 00| 0 eng d aCACAF39 aCourt of Appeal Criminal Appeal NO.58 OF 1996 Bitagabe Julius Vs Uganda c1996 aCoram: S.T. Manyindo-DCJ, C.M. Kato-JA, J.P. Berko-JA